000 00674nam a22002177a 4500
005 20251108173710.0
008 250721s2006 xx 000 0 ara d
020 _a9773614298
082 1 4 _aط/ق/عبد
100 1 _aعبد اللطيف، محمد
_eمؤلف
245 1 0 _aرحلة في عالم جميل /
264 1 _aالقاهرة :
_bسفير،
_c2006.
300 _a24 ص.
490 0 _aعالمي جميل
650 1 7 _aالقصص العربيه
650 1 7 _aالادب العربي
653 _aاطفال ما قبل المدرسه (0 - 5 سنوات )
700 1 _aعبيد، عبد المرضي
_eرسام
942 _2ddc
_cBK
999 _c110258
_d110258